000 00271nam a22001217a 4500
008 180131b xxu||||| |||| 00| 0 eng d
041 _aeng
080 _a101
100 _a24
101 _aFIL
245 _aTractatur logico-philosophicus
_cHonderich,T
942 _2udc
_cBK
999 _c41418
_d41418